Mappa del Mondo senza 12 Paesi #3 - Statistics

Statistiche generali
  • Questo quiz è stato fatto 315 volte
  • Il punteggio medio è 10 su 12
Risposte nella Mappa
Le risposte nella mappa del quiz sottostante sono codificate secondo una scala di colori dal rosso al verde in base alla % di persone che hanno risposto correttamente.
 
Statistiche sulle risposte
nazione % Corretto
Uruguay
96%
Estonia
90%
Lituania
89%
Lettonia
88%
Oman
86%
Tunisia
86%
Yemen
86%
Eritrea
83%
Irlanda
78%
Paesi Bassi
75%
Filippine
73%
Taiwan
66%
Nessun quiz corrispondente trovato
Distribuzione punteggi
Percentuale di utenti per punteggio
Percentile per numero di risposta
I tuoi punteggi nel tempo
Non hai fatto questo quiz